[Event "DEM U18 2018"]
[Site "Willingen GER"]
[Date "2018.05.21"]
[Round "3"]
[White "Mätzkow, Maximilian Paul"]
[Black "Ortmeier, Leonhard"]
[Result "1/2-1/2"]
[Termination "normal"]
[Board "11"]
[WhiteElo "2171"]
[BlackElo "2141"]
[WhiteClock "00:34:24"]
[BlackClock "00:30:25"]
[PlyCount "89"]
[WhiteFideId "24679933"]
[BlackFideId "12993662"]
[EventCountry "GER"]
[EventRounds "9"]
[EventType "swiss"]
[EventDate "2018.05.19"]

1. e4 {[%clk 1:30:58]} 1... c5 {[%clk 1:30:36]} 2. Nf3 {[%clk 1:31:24]} 2... d6
{[%clk 1:30:37]} 3. Bb5+ {[%clk 1:31:50]} 3... Nd7 {[%clk 1:30:45]} 4. O-O {
[%clk 1:32:13]} 4... a6 {[%clk 1:31:12]} 5. Bd3 {[%clk 1:32:37]} 5... Ngf6 {
[%clk 1:31:35]} 6. Re1 {[%clk 1:33:01]} 6... e6 {[%clk 1:32:00]} 7. c3 { [%clk
1:32:59]} 7... Be7 {[%clk 1:32:11]} 8. Bc2 {[%clk 1:33:08]} 8... O-O { [%clk
1:31:37]} 9. d4 {[%clk 1:32:27]} 9... b5 {[%clk 1:28:53]} 10. a4 { [%clk
1:19:55]} 10... Bb7 {[%clk 1:26:28]} 11. Qe2 {[%clk 1:18:10]} 11... Qc7 { [%clk
1:18:35]} 12. Nbd2 {[%clk 0:49:08]} 12... cxd4 {[%clk 1:06:19]} 13. Nxd4 {[%clk
0:49:25]} 13... bxa4 {[%clk 1:06:25]} 14. Bxa4 {[%clk 0:47:10]} 14... Nc5
{[%clk 1:03:47]} 15. Bc2 {[%clk 0:46:57]} 15... a5 {[%clk 1:02:33]} 16. N4b3
{[%clk 0:43:56]} 16... Nxb3 {[%clk 0:51:12]} 17. Nxb3 {[%clk 0:44:13]} 17... a4
{[%clk 0:45:00]} 18. Nd4 {[%clk 0:43:28]} 18... a3 {[%clk 0:41:33]} 19. Nb5
{[%clk 0:36:06]} 19... Qc6 {[%clk 0:37:28]} 20. Rxa3 {[%clk 0:32:44]} 20...
Rxa3 {[%clk 0:36:04]} 21. Nxa3 {[%clk 0:32:39]} 21... d5 {[%clk 0:34:56]} 22.
e5 {[%clk 0:29:10]} 22... d4 {[%clk 0:20:11]} 23. f3 {[%clk 0:27:20]} 23... Nd5
{[%clk 0:18:18]} 24. cxd4 {[%clk 0:19:45]} 24... Bb4 {[%clk 0:18:03]} 25. Bd2
{[%clk 0:18:36]} 25... Bxa3 {[%clk 0:13:09]} 26. Qd3 {[%clk 0:18:59]} 26... g6
{[%clk 0:13:33]} 27. bxa3 {[%clk 0:19:10]} 27... Ba6 {[%clk 0:12:08]} 28. Qe4
{[%clk 0:17:27]} 28... Qc4 {[%clk 0:11:35]} 29. Bd1 {[%clk 0:14:09]} 29... Qa2
{[%clk 0:10:43]} 30. Bb4 {[%clk 0:13:43]} 30... Rb8 {[%clk 0:09:03]} 31. Be2
{[%clk 0:10:44]} 31... Nxb4 {[%clk 0:07:46]} 32. axb4 {[%clk 0:11:09]} 32...
Bxe2 {[%clk 0:07:04]} 33. Rxe2 {[%clk 0:09:10]} 33... Qa1+ { [%clk 0:06:45]}
34. Re1 {[%clk 0:09:34]} 34... Qc3 {[%clk 0:07:04]} 35. Rd1 { [%clk 0:07:19]}
35... Rxb4 {[%clk 0:06:56]} 36. h4 {[%clk 0:07:16]} 36... h5 { [%clk 0:05:40]}
37. Kh2 {[%clk 0:07:41]} 37... Qb3 {[%clk 0:05:19]} 38. Rc1 { [%clk 0:07:39]}
38... Rb8 {[%clk 0:00:51]} 39. Rc7 {[%clk 0:06:42]} 39... Qb6 { [%clk 0:01:00]}
40. Rd7 {[%clk 0:06:51]} 40... Rd8 {[%clk 0:00:51]} 41. Rxd8+ { [%clk 0:04:37]}
41... Qxd8 {[%clk 0:01:08]} 42. Kh3 {[%clk 0:04:37]} 42... Kg7 {[%clk 0:30:05]}
43. g4 {[%clk 0:35:00]} 43... hxg4+ {[%clk 0:30:20]} 44. fxg4 {[%clk 0:35:20]}
44... Qa5 {[%clk 0:30:25]} 45. Qe3 {[%clk 0:34:24]} 1/2-1/2

[Event "DEM U18 2018"]
[Site "Willingen GER"]
[Date "2018.05.21"]
[Round "3"]
[White "Gelman, Josef"]
[Black "Schmohel, Andreas"]
[Result "1/2-1/2"]
[Termination "normal"]
[Board "12"]
[WhiteElo "1962"]
[BlackElo "1782"]
[WhiteClock "01:16:39"]
[BlackClock "00:49:48"]
[PlyCount "44"]
[WhiteFideId "12959642"]
[BlackFideId "16228006"]
[EventCountry "GER"]
[EventRounds "9"]
[EventType "swiss"]
[EventDate "2018.05.19"]

1. d4 {[%clk 1:30:59]} 1... Nf6 {[%clk 1:30:54]} 2. Nf3 {[%clk 1:31:25]} 2...
e6 {[%clk 1:31:02]} 3. c4 {[%clk 1:31:48]} 3... Bb4+ {[%clk 1:31:26]} 4. Nc3 {
[%clk 1:32:13]} 4... c5 {[%clk 1:31:24]} 5. e3 {[%clk 1:31:46]} 5... Nc6 {
[%clk 1:28:00]} 6. Qc2 {[%clk 1:30:37]} 6... O-O {[%clk 1:27:08]} 7. Be2 {
[%clk 1:30:31]} 7... d5 {[%clk 1:23:36]} 8. dxc5 {[%clk 1:29:47]} 8... Bxc5 {
[%clk 1:22:22]} 9. a3 {[%clk 1:29:10]} 9... a5 {[%clk 1:19:25]} 10. O-O { [%clk
1:28:40]} 10... Qe7 {[%clk 1:15:04]} 11. Rd1 {[%clk 1:26:52]} 11... Rd8 { [%clk
1:11:14]} 12. b3 {[%clk 1:26:33]} 12... d4 {[%clk 1:06:48]} 13. exd4 { [%clk
1:26:47]} 13... Nxd4 {[%clk 1:06:41]} 14. Nxd4 {[%clk 1:26:35]} 14... Bxd4
{[%clk 1:03:45]} 15. Be3 {[%clk 1:18:39]} 15... Bxe3 {[%clk 1:01:49]} 16. fxe3
{[%clk 1:18:42]} 16... Bd7 {[%clk 1:00:28]} 17. Bf3 {[%clk 1:16:53]} 17... Bc6
{[%clk 1:00:12]} 18. Ne4 {[%clk 1:15:39]} 18... Nxe4 {[%clk 0:54:32]} 19. Bxe4
{[%clk 1:15:54]} 19... Bxe4 {[%clk 0:54:40]} 20. Qxe4 {[%clk 1:16:15]} 20...
Rxd1+ {[%clk 0:49:48]} 21. Rxd1 {[%clk 1:16:39]} 21... Rd8 22. Qc2 Qc5 1/2-1/2

[Event "DEM U18 2018"]
[Site "Willingen GER"]
[Date "2018.05.21"]
[Round "3"]
[White "Focke, Adrian"]
[Black "Schlick, Stefan"]
[Result "1/2-1/2"]
[Termination "normal"]
[Board "13"]
[WhiteElo "1775"]
[BlackElo "1970"]
[WhiteClock "00:35:41"]
[BlackClock "00:09:12"]
[PlyCount "51"]
[WhiteFideId "12969869"]
[BlackFideId "16211332"]
[EventCountry "GER"]
[EventRounds "9"]
[EventType "swiss"]
[EventDate "2018.05.19"]

1. e4 {[%clk 1:30:54]} 1... e5 {[%clk 1:30:57]} 2. Nf3 {[%clk 1:31:18]} 2...
Nf6 {[%clk 1:31:23]} 3. Nxe5 {[%clk 1:30:34]} 3... d6 {[%clk 1:31:39]} 4. Nf3 {
[%clk 1:30:25]} 4... Nxe4 {[%clk 1:32:02]} 5. d4 {[%clk 1:29:33]} 5... d5 {
[%clk 1:32:25]} 6. Bf4 {[%clk 1:28:55]} 6... Be7 {[%clk 1:23:02]} 7. Nbd2 {
[%clk 1:28:23]} 7... Bf5 {[%clk 1:18:54]} 8. c4 {[%clk 1:21:01]} 8... c6 {
[%clk 1:08:19]} 9. Qb3 {[%clk 1:14:10]} 9... Nxd2 {[%clk 1:02:57]} 10. Bxd2 {
[%clk 1:13:28]} 10... Qb6 {[%clk 0:57:32]} 11. Qxb6 {[%clk 1:11:56]} 11... axb6
{[%clk 0:57:57]} 12. cxd5 {[%clk 1:12:03]} 12... Be4 {[%clk 0:36:07]} 13. dxc6
{[%clk 1:05:38]} 13... Nxc6 {[%clk 0:35:39]} 14. Bb5 {[%clk 1:02:53]} 14...
Bxf3 {[%clk 0:31:29]} 15. gxf3 {[%clk 1:03:13]} 15... O-O {[%clk 0:31:39]} 16.
Bxc6 {[%clk 0:59:25]} 16... bxc6 {[%clk 0:32:08]} 17. a3 {[%clk 0:58:28]} 17...
Bf6 {[%clk 0:29:48]} 18. Be3 {[%clk 0:55:12]} 18... Rfd8 {[%clk 0:26:41]} 19.
O-O-O {[%clk 0:55:12]} 19... Ra4 {[%clk 0:23:30]} 20. Rd2 {[%clk 0:49:33]}
20... Bxd4 {[%clk 0:15:14]} 21. Rhd1 {[%clk 0:43:41]} 21... Bxe3 { [%clk
0:14:25]} 22. fxe3 {[%clk 0:43:50]} 22... Re8 {[%clk 0:12:14]} 23. e4 { [%clk
0:39:53]} 23... f5 {[%clk 0:09:23]} 24. Rd4 {[%clk 0:38:05]} 24... Rxd4 { [%clk
0:08:55]} 25. Rxd4 {[%clk 0:38:32]} 25... c5 {[%clk 0:09:12]} 26. Rc4 { [%clk
0:35:41]} 1/2-1/2

[Event "DEM U18 2018"]
[Site "Willingen GER"]
[Date "2018.05.21"]
[Round "3"]
[White "Heldt, Nils-Lennart"]
[Black "Zimmer, Luca"]
[Result "1/2-1/2"]
[Termination "normal"]
[Board "14"]
[WhiteElo "2070"]
[BlackElo "1633"]
[WhiteClock "00:40:01"]
[BlackClock "00:07:38"]
[PlyCount "117"]
[WhiteFideId "12952109"]
[BlackFideId "12921424"]
[EventCountry "GER"]
[EventRounds "9"]
[EventType "swiss"]
[EventDate "2018.05.19"]

1. e4 e6 2. d4 d5 3. Nd2 Nf6 4. e5 Nfd7 5. Bd3 c5 6. c3 {[%clk 1:32:55]} 6...
Nc6 {[%clk 1:32:25]} 7. Ne2 {[%clk 1:33:17]} 7... cxd4 {[%clk 1:32:32]} 8. cxd4
{[%clk 1:33:42]} 8... f6 {[%clk 1:32:34]} 9. exf6 {[%clk 1:34:05]} 9... Nxf6 {
[%clk 1:32:54]} 10. Nf3 {[%clk 1:34:30]} 10... Bd6 {[%clk 1:28:25]} 11. O-O {
[%clk 1:33:35]} 11... Qc7 {[%clk 1:28:45]} 12. Bg5 {[%clk 1:33:09]} 12... O-O {
[%clk 1:29:01]} 13. Bh4 {[%clk 1:33:13]} 13... Nh5 {[%clk 1:29:20]} 14. Qc2 {
[%clk 1:32:22]} 14... h6 {[%clk 1:28:42]} 15. Bh7+ {[%clk 1:29:10]} 15... Kh8 {
[%clk 1:28:43]} 16. Bg6 {[%clk 1:29:33]} 16... Rxf3 {[%clk 1:22:19]} 17. Bxh5 {
[%clk 1:29:16]} 17... Rf8 {[%clk 1:17:57]} 18. Bg3 {[%clk 1:28:52]} 18... e5 {
[%clk 1:03:24]} 19. dxe5 {[%clk 1:27:39]} 19... Bxe5 {[%clk 0:55:19]} 20. Qd2 {
[%clk 1:23:04]} 20... Be6 {[%clk 0:43:32]} 21. Rac1 {[%clk 1:21:11]} 21... Bxg3
{[%clk 0:42:06]} 22. hxg3 {[%clk 1:20:45]} 22... Qd6 {[%clk 0:36:11]} 23. Nf4 {
[%clk 1:19:33]} 23... Bf7 {[%clk 0:35:24]} 24. Bxf7 {[%clk 1:16:47]} 24... Rxf7
{[%clk 0:35:14]} 25. Rfe1 {[%clk 1:16:28]} 25... Re7 {[%clk 0:33:21]} 26. Rxe7
{[%clk 1:16:27]} 26... Nxe7 {[%clk 0:33:36]} 27. Re1 {[%clk 1:16:39]} 27... Kg8
{[%clk 0:24:48]} 28. Re6 {[%clk 1:10:09]} 28... Qd7 {[%clk 0:23:45]} 29. Qe2 {
[%clk 1:07:22]} 29... Nc6 {[%clk 0:21:37]} 30. Qh5 {[%clk 1:01:24]} 30... Rd8 {
[%clk 0:19:17]} 31. Qg6 {[%clk 0:51:37]} 31... Qf7 {[%clk 0:13:36]} 32. Qg4 {
[%clk 0:49:49]} 32... Kh7 {[%clk 0:13:45]} 33. Qe2 {[%clk 0:40:32]} 33... Kg8 {
[%clk 0:11:15]} 34. Qd3 {[%clk 0:37:21]} 34... Qd7 {[%clk 0:10:18]} 35. Re1 {
[%clk 0:36:31]} 35... d4 {[%clk 0:07:23]} 36. b4 {[%clk 0:30:02]} 36... Re8 {
[%clk 0:04:23]} 37. Rd1 {[%clk 0:28:58]} 37... Rd8 {[%clk 0:03:04]} 38. b5 {
[%clk 0:21:44]} 38... Ne5 {[%clk 0:03:14]} 39. Qe2 {[%clk 0:22:01]} 39... Nf7 {
[%clk 0:02:15]} 40. a4 {[%clk 0:21:48]} 40... Re8 {[%clk 0:01:02]} 41. Qc4 {
[%clk 0:20:15]} 41... Rc8 {[%clk 0:18:57]} 42. Qxd4 {[%clk 0:46:30]} 42... Qxd4
{[%clk 0:19:13]} 43. Rxd4 {[%clk 0:46:57]} 43... Rc1+ {[%clk 0:19:22]} 44. Kh2
{[%clk 0:47:19]} 44... Ra1 {[%clk 0:19:42]} 45. Ne6 {[%clk 0:46:16]} 45... b6 {
[%clk 0:17:06]} 46. f4 {[%clk 0:43:50]} 46... h5 {[%clk 0:16:03]} 47. Ng5 {
[%clk 0:41:17]} 47... Nxg5 {[%clk 0:12:30]} 48. fxg5 {[%clk 0:41:39]} 48... Kh7
{[%clk 0:11:28]} 49. g4 {[%clk 0:42:02]} 49... hxg4 {[%clk 0:10:42]} 50. Kg3 {
[%clk 0:41:25]} 50... Ra2 {[%clk 0:07:56]} 51. Kxg4 {[%clk 0:41:09]} 51...
Rxg2+ {[%clk 0:07:07]} 52. Kf5 {[%clk 0:41:08]} 52... Rf2+ {[%clk 0:06:31]} 53.
Ke5 {[%clk 0:41:24]} 53... Kg6 {[%clk 0:06:19]} 54. Rd7 {[%clk 0:41:30]} 54...
Rf7 {[%clk 0:06:18]} 55. Rxf7 {[%clk 0:41:13]} 55... Kxf7 {[%clk 0:06:42]} 56.
Kf5 {[%clk 0:40:58]} 56... g6+ {[%clk 0:07:04]} 57. Ke5 {[%clk 0:40:41]} 57...
Ke7 {[%clk 0:07:18]} 58. Kd5 {[%clk 0:40:01]} 58... Kd7 {[%clk 0:07:38]} 59.
Ke4 1/2-1/2

[Event "DEM U18 2018"]
[Site "Willingen GER"]
[Date "2018.05.22"]
[Round "4"]
[White "Parvanyan, Ashot"]
[Black "Nothnagel, Marian Can"]
[Result "1/2-1/2"]
[Termination "normal"]
[Board "1"]
[WhiteTitle "FM"]
[WhiteElo "2413"]
[BlackElo "2317"]
[WhiteClock "00:27:49"]
[BlackClock "01:15:08"]
[PlyCount "41"]
[WhiteFideId "13307550"]
[BlackFideId "12921530"]
[EventCountry "GER"]
[EventRounds "9"]
[EventType "swiss"]
[EventDate "2018.05.19"]

1. Nf3 {[%clk 1:30:54]} 1... Nf6 {[%clk 1:30:53]} 2. c4 {[%clk 1:31:19]} 2...
e6 {[%clk 1:31:14]} 3. g3 {[%clk 1:30:37]} 3... d5 {[%clk 1:31:22]} 4. b3 {
[%clk 1:27:59]} 4... Be7 {[%clk 1:28:52]} 5. Bg2 {[%clk 1:27:53]} 5... O-O {
[%clk 1:28:40]} 6. O-O {[%clk 1:28:15]} 6... c5 {[%clk 1:28:18]} 7. cxd5 {
[%clk 1:25:09]} 7... Nxd5 {[%clk 1:28:14]} 8. Bb2 {[%clk 1:20:41]} 8... Nc6 {
[%clk 1:27:55]} 9. d4 {[%clk 1:20:55]} 9... cxd4 {[%clk 1:27:31]} 10. Nxd4 {
[%clk 1:20:58]} 10... Bd7 {[%clk 1:26:44]} 11. Nc3 {[%clk 1:17:19]} 11... Nxc3
{[%clk 1:27:03]} 12. Bxc3 {[%clk 1:17:07]} 12... Rc8 {[%clk 1:25:43]} 13. Rc1 {
[%clk 1:09:26]} 13... Ba3 {[%clk 1:24:34]} 14. Rc2 {[%clk 1:06:29]} 14... Qe7 {
[%clk 1:21:42]} 15. Nxc6 {[%clk 0:39:08]} 15... Bxc6 {[%clk 1:21:19]} 16. Bxc6
{[%clk 0:29:38]} 16... Rxc6 {[%clk 1:19:57]} 17. Bd4 {[%clk 0:29:48]} 17...
Rxc2 {[%clk 1:14:44]} 18. Qxc2 {[%clk 0:30:13]} 18... b6 {[%clk 1:15:06]} 19.
Rd1 {[%clk 0:28:48]} 19... Rd8 {[%clk 1:15:16]} 20. Be3 {[%clk 0:27:22]} 20...
Rxd1+ {[%clk 1:15:08]} 21. Qxd1 {[%clk 0:27:49]} 1/2-1/2

[Event "DEM U18 2018"]
[Site "Willingen GER"]
[Date "2018.05.22"]
[Round "4"]
[White "Herbrig, Alexander"]
[Black "Lagunow, Raphael"]
[Result "0-1"]
[Termination "normal"]
[Board "2"]
[BlackTitle "FM"]
[WhiteElo "2270"]
[BlackElo "2387"]
[WhiteClock "00:18:28"]
[BlackClock "00:15:52"]
[PlyCount "94"]
[WhiteFideId "12952044"]
[BlackFideId "24652644"]
[EventCountry "GER"]
[EventRounds "9"]
[EventType "swiss"]
[EventDate "2018.05.19"]

1. e4 {[%clk 1:30:58]} 1... c5 {[%clk 1:30:55]} 2. Nf3 {[%clk 1:31:23]} 2... e6
{[%clk 1:31:20]} 3. d4 {[%clk 1:31:42]} 3... cxd4 {[%clk 1:31:45]} 4. Nxd4 {
[%clk 1:32:04]} 4... Nf6 {[%clk 1:32:09]} 5. Nc3 {[%clk 1:28:29]} 5... Nc6 {
[%clk 1:32:30]} 6. Ndb5 {[%clk 1:24:50]} 6... d6 {[%clk 1:32:36]} 7. Bf4 {
[%clk 1:24:53]} 7... e5 {[%clk 1:33:00]} 8. Bg5 {[%clk 1:25:19]} 8... a6 {
[%clk 1:33:26]} 9. Na3 {[%clk 1:25:45]} 9... b5 {[%clk 1:33:50]} 10. Bxf6 {
[%clk 1:26:09]} 10... gxf6 {[%clk 1:33:50]} 11. Nd5 {[%clk 1:26:30]} 11... Bg7
{[%clk 1:33:15]} 12. Bd3 {[%clk 1:26:33]} 12... Ne7 {[%clk 1:32:43]} 13. Nxe7 {
[%clk 1:26:02]} 13... Qxe7 {[%clk 1:33:03]} 14. c3 {[%clk 1:25:58]} 14... f5 {
[%clk 1:26:57]} 15. Nc2 {[%clk 1:25:57]} 15... Bb7 {[%clk 1:13:42]} 16. Qf3 {
[%clk 1:10:11]} 16... f4 {[%clk 1:02:42]} 17. g4 {[%clk 0:56:40]} 17... O-O {
[%clk 0:57:10]} 18. O-O-O {[%clk 0:52:11]} 18... Qh4 {[%clk 0:51:47]} 19. Rhg1
{[%clk 0:43:41]} 19... Bf6 {[%clk 0:38:40]} 20. Nb4 {[%clk 0:33:19]} 20... Bd8
{[%clk 0:38:10]} 21. Nd5 {[%clk 0:30:31]} 21... Kh8 {[%clk 0:35:38]} 22. Bc2 {
[%clk 0:26:05]} 22... a5 {[%clk 0:29:37]} 23. Qg2 {[%clk 0:22:00]} 23... Bxd5 {
[%clk 0:22:36]} 24. exd5 {[%clk 0:21:51]} 24... Bb6 {[%clk 0:21:46]} 25. Rgf1 {
[%clk 0:20:32]} 25... Rg8 {[%clk 0:21:28]} 26. Bf5 {[%clk 0:19:43]} 26... h5 {
[%clk 0:18:58]} 27. h3 {[%clk 0:19:19]} 27... b4 {[%clk 0:17:56]} 28. c4 {
[%clk 0:16:44]} 28... Ra7 {[%clk 0:17:23]} 29. Bd3 {[%clk 0:42:45]} 29... Rg7 {
[%clk 0:47:24]} 30. f3 {[%clk 0:11:27]} 30... a4 {[%clk 0:14:55]} 31. Kb1 {
[%clk 0:11:15]} 31... b3 {[%clk 0:13:00]} 32. a3 {[%clk 0:11:25]} 32... Be3 {
[%clk 0:12:50]} 33. Qe2 {[%clk 0:10:42]} 33... Rg8 {[%clk 0:11:53]} 34. Ka1 {
[%clk 0:08:51]} 34... Kg7 {[%clk 0:11:20]} 35. Bb1 {[%clk 0:07:53]} 35... Kf8 {
[%clk 0:10:37]} 36. Rh1 {[%clk 0:06:00]} 36... Rh8 {[%clk 0:09:26]} 37. Qe1 {
[%clk 0:04:35]} 37... Qg3 {[%clk 0:07:56]} 38. Qf1 {[%clk 0:02:52]} 38... Rc7 {
[%clk 0:06:48]} 39. Bd3 {[%clk 0:02:24]} 39... Ke7 {[%clk 0:06:13]} 40. Re1 {
[%clk 0:02:14]} 40... Rcc8 {[%clk 0:01:17]} 41. Re2 {[%clk 0:28:58]} 41... hxg4
{[%clk 0:25:17]} 42. hxg4 {[%clk 0:26:52]} 42... Rh4 {[%clk 0:22:31]} 43. Rxh4
{[%clk 0:23:16]} 43... Qxh4 {[%clk 0:22:55]} 44. Re1 {[%clk 0:21:37]} 44... Rh8
{[%clk 0:22:45]} 45. Rb1 {[%clk 0:21:14]} 45... Bc5 {[%clk 0:18:50]} 46. Be4 {
[%clk 0:20:03]} 46... Qf2 {[%clk 0:16:14]} 47. Qd3 {[%clk 0:18:28]} 47... Rh2 {
[%clk 0:15:52]} 0-1

[Event "DEM U18 2018"]
[Site "Willingen GER"]
[Date "2018.05.22"]
[Round "4"]
[White "Schneider, Jana"]
[Black "Reuker, Jari"]
[Result "0-1"]
[Termination "normal"]
[Board "3"]
[WhiteTitle "FM"]
[WhiteElo "2214"]
[BlackElo "2338"]
[WhiteClock "00:26:54"]
[BlackClock "00:41:45"]
[PlyCount "92"]
[WhiteFideId "12924997"]
[BlackFideId "12909300"]
[EventCountry "GER"]
[EventRounds "9"]
[EventType "swiss"]
[EventDate "2018.05.19"]

1. e4 {[%clk 1:30:57]} 1... e5 {[%clk 1:30:52]} 2. Nf3 {[%clk 1:31:19]} 2...
Nc6 {[%clk 1:31:16]} 3. Bc4 {[%clk 1:31:42]} 3... Bc5 {[%clk 1:31:39]} 4. c3 {
[%clk 1:32:06]} 4... Nf6 {[%clk 1:32:04]} 5. d3 {[%clk 1:32:30]} 5... O-O {
[%clk 1:32:23]} 6. b4 {[%clk 1:32:33]} 6... Be7 {[%clk 1:32:41]} 7. Bb3 { [%clk
1:31:33]} 7... d5 {[%clk 1:33:04]} 8. Qc2 {[%clk 1:30:46]} 8... dxe4 { [%clk
1:31:03]} 9. dxe4 {[%clk 1:31:07]} 9... Bd6 {[%clk 1:31:20]} 10. h3 { [%clk
1:25:47]} 10... a5 {[%clk 1:30:45]} 11. b5 {[%clk 1:24:32]} 11... Nb8 { [%clk
1:24:30]} 12. Be3 {[%clk 1:15:20]} 12... Nbd7 {[%clk 1:23:23]} 13. Nbd2 { [%clk
1:14:31]} 13... Qe7 {[%clk 1:19:29]} 14. Nc4 {[%clk 1:06:37]} 14... a4 { [%clk
0:55:42]} 15. Bxa4 {[%clk 0:55:15]} 15... Nxe4 {[%clk 0:53:06]} 16. Bb3 { [%clk
0:54:11]} 16... Ndc5 {[%clk 0:49:44]} 17. Nxd6 {[%clk 0:48:42]} 17... cxd6
{[%clk 0:48:43]} 18. Bd5 {[%clk 0:38:28]} 18... Nf6 {[%clk 0:46:59]} 19. Bxc5
{[%clk 0:30:06]} 19... Nxd5 {[%clk 0:42:39]} 20. Be3 {[%clk 0:27:19]} 20... Ra3
{[%clk 0:34:52]} 21. Ng5 {[%clk 0:11:39]} 21... f5 {[%clk 0:32:54]} 22. Qd2
{[%clk 0:10:12]} 22... Nxe3 {[%clk 0:30:24]} 23. Qxe3 {[%clk 0:10:35]} 23... f4
{[%clk 0:30:13]} 24. Qc1 {[%clk 0:10:44]} 24... Ra5 {[%clk 0:29:39]} 25. Ne4
{[%clk 0:09:04]} 25... Bf5 {[%clk 0:26:05]} 26. Qb1 {[%clk 0:06:47]} 26... d5
{[%clk 0:25:09]} 27. Qb4 {[%clk 0:07:09]} 27... Qxb4 {[%clk 0:24:05]} 28. cxb4
{[%clk 0:07:36]} 28... Rxb5 {[%clk 0:23:36]} 29. Nc3 {[%clk 0:07:41]} 29...
Rxb4 {[%clk 0:23:52]} 30. Nxd5 {[%clk 0:08:06]} 30... Re4+ { [%clk 0:24:11]}
31. Kf1 {[%clk 0:08:29]} 31... Be6 {[%clk 0:23:53]} 32. Rd1 { [%clk 0:06:09]}
32... Kf7 {[%clk 0:21:15]} 33. Nc3 {[%clk 0:04:26]} 33... Rc4 { [%clk 0:15:15]}
34. Nb5 {[%clk 0:04:39]} 34... Rb4 {[%clk 0:15:03]} 35. Nd6+ { [%clk 0:04:18]}
35... Ke7 {[%clk 0:15:14]} 36. a3 {[%clk 0:02:25]} 36... Rb2 { [%clk 0:14:09]}
37. Ne4 {[%clk 0:02:18]} 37... Rc8 {[%clk 0:14:16]} 38. Re1 { [%clk 0:00:56]}
38... Bf5 {[%clk 0:13:31]} 39. Kg1 {[%clk 0:00:58]} 39... Rc4 { [%clk 0:10:56]}
40. f3 {[%clk 0:00:46]} 40... Rcc2 {[%clk 0:11:00]} 41. Rh2 { [%clk 0:30:17]}
41... Bxe4 {[%clk 0:41:23]} 42. fxe4 {[%clk 0:30:36]} 42... f3 {[%clk 0:41:45]}
43. Ra1 {[%clk 0:28:14]} 43... g5 {[%clk 0:41:08]} 44. Rd1 { [%clk 0:27:36]}
44... h5 {[%clk 0:41:20]} 45. Ra1 {[%clk 0:27:43]} 45... fxg2 { [%clk 0:41:31]}
46. Rd1 {[%clk 0:26:54]} 46... Rf2 {[%clk 0:41:45]} 0-1

[Event "DEM U18 2018"]
[Site "Willingen GER"]
[Date "2018.05.22"]
[Round "4"]
[White "Ewert, Hannes"]
[Black "Weller, Uli"]
[Result "1-0"]
[Termination "normal"]
[Board "4"]
[WhiteTitle "FM"]
[WhiteElo "2312"]
[BlackElo "2062"]
[WhiteClock "00:02:25"]
[BlackClock "00:00:31"]
[PlyCount "81"]
[WhiteFideId "12961574"]
[BlackFideId "12971782"]
[EventCountry "GER"]
[EventRounds "9"]
[EventType "swiss"]
[EventDate "2018.05.19"]

1. d4 {[%clk 1:30:57]} 1... e6 {[%clk 1:30:53]} 2. Nf3 {[%clk 1:30:38]} 2... d5
{[%clk 1:31:12]} 3. c4 {[%clk 1:30:56]} 3... f5 {[%clk 1:25:39]} 4. g3 { [%clk
1:30:30]} 4... Nf6 {[%clk 1:25:43]} 5. Bg2 {[%clk 1:30:31]} 5... c6 { [%clk
1:25:35]} 6. O-O {[%clk 1:30:05]} 6... Bd6 {[%clk 1:24:07]} 7. b3 { [%clk
1:29:31]} 7... Qe7 {[%clk 1:24:21]} 8. Bb2 {[%clk 1:29:56]} 8... O-O 9. Nbd2
{[%clk 1:29:31]} 9... Nbd7 {[%clk 1:23:35]} 10. Ne5 {[%clk 1:29:30]} 10... Ne4
{[%clk 1:21:35]} 11. Ndf3 {[%clk 1:25:57]} 11... Ndf6 {[%clk 1:18:10]} 12. Rc1
{[%clk 1:17:51]} 12... Bd7 {[%clk 1:01:47]} 13. Nd3 {[%clk 1:14:04]} 13... Nh5
{[%clk 0:42:09]} 14. Nfe5 {[%clk 1:05:55]} 14... Rf6 {[%clk 0:38:03]} 15. f3
{[%clk 0:39:44]} 15... Nexg3 {[%clk 0:37:48]} 16. hxg3 {[%clk 0:38:34]} 16...
Nxg3 {[%clk 0:38:09]} 17. Kf2 {[%clk 0:34:55]} 17... Nxf1 {[%clk 0:25:50] } 18.
Qxf1 {[%clk 0:28:50]} 18... Raf8 {[%clk 0:18:50]} 19. Rd1 {[%clk 0:20:02] }
19... f4 {[%clk 0:17:11]} 20. Ke1 {[%clk 0:15:13]} 20... Be8 {[%clk 0:16:30]}
21. c5 {[%clk 0:12:11]} 21... Bc7 {[%clk 0:16:43]} 22. Kd2 {[%clk 0:11:41]}
22... Bg6 {[%clk 0:10:43]} 23. Bh3 {[%clk 0:10:30]} 23... Bf5 {[%clk 0:07:44]}
24. Bxf5 {[%clk 0:08:21]} 24... Rxf5 {[%clk 0:07:55]} 25. Qh3 {[%clk 0:08:31]}
25... Rg5 {[%clk 0:06:02]} 26. Rh1 {[%clk 0:07:59]} 26... h6 {[%clk 0:06:02]}
27. Bc1 {[%clk 0:05:08]} 27... b6 {[%clk 0:04:10]} 28. b4 {[%clk 0:03:52]}
28... a5 {[%clk 0:03:13]} 29. Nxc6 {[%clk 0:03:07]} 29... Qe8 {[%clk 0:03:11]}
30. b5 {[%clk 0:03:19]} 30... e5 {[%clk 0:00:52]} 31. dxe5 {[%clk 0:02:16]}
31... bxc5 {[%clk 0:01:04]} 32. Nxc5 {[%clk 0:02:01]} 32... Bxe5 { [%clk
0:01:18]} 33. Qe6+ {[%clk 0:02:18]} 33... Kh7 {[%clk 0:01:38]} 34. Qxe8 { [%clk
0:02:15]} 34... Rxe8 {[%clk 0:02:07]} 35. Nd3 {[%clk 0:01:52]} 35... Bc7 {[%clk
0:01:49]} 36. Bb2 {[%clk 0:02:15]} 36... Rg2 {[%clk 0:01:24]} 37. Be5 { [%clk
0:02:35]} 37... Bxe5 {[%clk 0:00:44]} 38. Ncxe5 {[%clk 0:02:55]} 38... Rg5
{[%clk 0:00:59]} 39. Nc6 {[%clk 0:02:52]} 39... Rf5 {[%clk 0:00:33]} 40. Rb1
{[%clk 0:03:02]} 40... Rf6 {[%clk 0:00:31]} 41. Nde5 {[%clk 0:02:25]} 1-0